| 000 | 01007nam a2200325 a 4500 | ||
|---|---|---|---|
| 001 | 54419 | ||
| 003 | BD-RJUL | ||
| 005 | 20211209080122.0 | ||
| 008 | 161106s1953 enka 001 0 eng | ||
| 035 | _a(BD-RJUL)54541 | ||
| 040 |
_aDLC _cCHS _dUKM _dBD-RJUL _beng |
||
| 041 | _aeng | ||
| 082 |
_a572 _223 _bSEC 1953 |
||
| 096 | _aQV 55 S518c 1953 | ||
| 100 | 1 |
_aSexton, Wilfred Archibald. _9162399 |
|
| 245 | 1 | 0 |
_aChemical constitution and biological activity / _cW. A. Sexton ; With a foreword by Lord Todd. |
| 250 | _a2nd rev. and enl. ed. | ||
| 260 |
_aLondon : _bE. & F.N. Spon, _c1953. |
||
| 300 |
_axxiii, 424 p. : _bill. ; _c26 cm. |
||
| 490 | 0 | _aIndustrial chemistry series | |
| 500 | _aIncludes index. | ||
| 650 | 0 |
_aBiochemistry. _9162400 |
|
| 650 | 2 |
_aBiological Factors _9162400 _xchemistry. |
|
| 650 | 2 |
_aDrugs _9156294 |
|
| 650 | 2 |
_aPharmacology _9162401 |
|
| 700 |
_aTodd, A. R. _9225625 |
||
| 856 | _uIndustrial chemistry series | ||
| 942 |
_2ddc _cBK |
||
| 999 |
_c54419 _d54419 |
||